FDR, 1882-1945 : (Record no. 1485)

000 -LEADER
fixed length control field 01009nam a22003017a 4500
001 - CONTROL NUMBER
control field 2316653
003 - CONTROL NUMBER IDENTIFIER
control field OSt
005 - DATE AND TIME OF LATEST TRANSACTION
control field 20210426061252.0
008 - FIXED-LENGTH DATA ELEMENTS--GENERAL INFORMATION
fixed length control field 820916s1982 nyua 000 0beng
010 ## - LIBRARY OF CONGRESS CONTROL NUMBER
LC control number 81068381
020 ## - INTERNATIONAL STANDARD BOOK NUMBER
International Standard Book Number 0670304549
040 ## - CATALOGING SOURCE
Original cataloging agency DLC
Transcribing agency DLC
Modifying agency DLC
Language of cataloging eng
041 ## - LANGUAGE CODE
Language code of text/sound track or separate title eng
050 00 - LIBRARY OF CONGRESS CALL NUMBER
Classification number E807
Item number .A783 1982b
080 ## - UNIVERSAL DECIMAL CLASSIFICATION NUMBER
Universal Decimal Classification number 92
Item number A-43
082 00 - DEWEY DECIMAL CLASSIFICATION NUMBER
Classification number 973.917/092/4
-- B
Edition number 19
100 1# - MAIN ENTRY--PERSONAL NAME
Personal name Alsop, Joseph,
Dates associated with a name 1910-1989.
245 10 - TITLE STATEMENT
Title FDR, 1882-1945 :
Remainder of title a centenary remembrance /
Statement of responsibility, etc. Joseph Alsop ; picture sections compiled and written by Roland Gelatt ; photo research by Laurie Platt Winfrey.
260 ## - PUBLICATION, DISTRIBUTION, ETC.
Place of publication, distribution, etc. New York
Name of publisher, distributor, etc. The Viking Press
Date of publication, distribution, etc. 1982.
300 ## - PHYSICAL DESCRIPTION
Extent 256 p.
Other physical details ill.
Dimensions 29 cm.
600 10 - SUBJECT ADDED ENTRY--PERSONAL NAME
Personal name Roosevelt, Franklin D.
Fuller form of name (Franklin Delano),
Dates associated with a name 1882-1945.
650 #0 - SUBJECT ADDED ENTRY--TOPICAL TERM
Topical term or geographic name entry element Presidents
Geographic subdivision United States
Form subdivision Biography.
650 #0 - SUBJECT ADDED ENTRY--TOPICAL TERM
Topical term or geographic name entry element Biography
9 (RLIN) 237
653 ## - INDEX TERM--UNCONTROLLED
Uncontrolled term ბიოგრაფია
700 1# - ADDED ENTRY--PERSONAL NAME
Personal name Gelatt, Roland,
Dates associated with a name 1920-1986.
906 ## - LOCAL DATA ELEMENT F, LDF (RLIN)
a 7
b cbc
c orignew
d 2
e opcn
f 19
g y-gencatlg
942 ## - ADDED ENTRY ELEMENTS (KOHA)
Source of classification or shelving scheme
Koha item type Books
Holdings
Withdrawn status Lost status Source of classification or shelving scheme Damaged status Not for loan Permanent location Current location Date acquired Inventory number Total Checkouts Full call number Barcode Date last seen Price effective from Koha item type
          Ken Walker International University Ken Walker International University 02/17/2021 1539   92 A-43 1539 02/17/2021 02/17/2021 Books

Powered by Koha